Normal view
MARC view
Entry Personal Name
001 - CONTROL NUMBER
- control field: 1238990
003 - CONTROL NUMBER IDENTIFIER
- control field: OSt
005 - DATE AND TIME OF LATEST TRANSACTION
- control field: 20260511142013.0
008 - FIXED-LENGTH DATA ELEMENTS
- fixed length control field: 260511|| aca||aabn | a|a d
040 ## - CATALOGING SOURCE
- Original cataloging agency: OSt
- Transcribing agency: OSt
100 ## - HEADING--PERSONAL NAME
- Personal name: ਸਿੰਘ, ਕਮਲਜੀਤ
670 ## - SOURCE DATA FOUND
- Source citation: Work cat.: (OSt)1851183: ਸਿੰਘ, ਚਰਨਪ੍ਰੀਤ 1238989, ਭਾਰਤੀ ਦਰਸ਼ਨ ਅਤੇ ਗੁਰਬਾਣੀ ਵਿੱਚ ਮੁਕਤੀ ਦਾ ਸੰਕਲਪ: , 2025.
